00549nam a22001817a 450000500170000001000400001702000260005703500140008303500170009703700140011408200100012810000230013824500490016126000260021027000530023630000270028950000510031620180613162222.0 a1718EN-30 ENG-121690 B-689209-226 a9789381695388c495.00 aEN-105222 aB-689209-226 bGAPDadpl a915.4 aChatterjee, Rupali aGeography of India / cby Rupali Chatterjee  aNew DelhibGAPDc2015 a20, Ansari Road, Darya Ganj, bNew Delhie110002 aviii,588p. c23cm(pbk) aIncludes bibliographical references and index